<?xml version="1.0" encoding="UTF-8"?>
<collection xmlns="http://www.loc.gov/MARC21/slim">
<record>
  <controlfield tag="001">162027</controlfield>
  <controlfield tag="005">20251017144619.0</controlfield>
  <datafield tag="024" ind1="7" ind2=" ">
    <subfield code="2">doi</subfield>
    <subfield code="a">10.5209/dere.102343</subfield>
  </datafield>
  <datafield tag="024" ind1="8" ind2=" ">
    <subfield code="2">sideral</subfield>
    <subfield code="a">144671</subfield>
  </datafield>
  <datafield tag="037" ind1=" " ind2=" ">
    <subfield code="a">ART-2025-144671</subfield>
  </datafield>
  <datafield tag="041" ind1=" " ind2=" ">
    <subfield code="a">spa</subfield>
  </datafield>
  <datafield tag="100" ind1=" " ind2=" ">
    <subfield code="a">Silvestre Miralles, Alicia</subfield>
    <subfield code="u">Universidad de Zaragoza</subfield>
    <subfield code="0">(orcid)0000-0002-2923-9424</subfield>
  </datafield>
  <datafield tag="245" ind1=" " ind2=" ">
    <subfield code="a">Delitos de la palabra: aproximación a la lingüística forense en el discurso digital</subfield>
  </datafield>
  <datafield tag="260" ind1=" " ind2=" ">
    <subfield code="c">2025</subfield>
  </datafield>
  <datafield tag="506" ind1="0" ind2=" ">
    <subfield code="a">Access copy available to the general public</subfield>
    <subfield code="f">Unrestricted</subfield>
  </datafield>
  <datafield tag="520" ind1="3" ind2=" ">
    <subfield code="a">Resumen
¿Dónde acaba la broma o la descortesía y empieza el delito? El advenimiento de la digitalización y la globalización ha dotado de poder y espacios de expresión a cada voz individual y grupal. Sin embargo, la comunicación masiva muestra grietas y desajustes en el uso de esa libertad, que es un derecho: a menudo se utiliza la palabra sin ser consciente de sus implicaciones legales. Si bien es un avance que podamos todos expresarnos libremente en cualquier foro o red, lo cierto es que no se conoce suficientemente el efecto de una intervención inadecuada, sobre todo entre las generaciones más jóvenes. Por ejemplo, ante amenazas, delitos de odio (discurso del odio), falsas acusaciones, insultos, maledicencia, calumnia, falsedad, ofensa, injuria, difamación, ¿conocemos su alcance social (Fairclough, 1995) y sus penas correspondientes? El objetivo de este escrito es revisar la actualidad de la relación existente entre las leyes y los usos que proliferan en los medios digitales. Tras recabar datos estadísticos y estudiar casos, se deduce que resulta urgente informar de los riesgos y de cuáles son los delitos tipificados, enseñar y promover las buenas prácticas y alternativas éticas, además de fomentar cauces para conservar una libre expresión ejercida como derecho consciente y exenta de riesgos delictivos. En este sentido, los estudios de conciencia lingüística (Van Lier, 1996) y sensibilidad lingüística (Silvestre y Pardo, 2024) acuden a rellenar este nicho.</subfield>
  </datafield>
  <datafield tag="540" ind1=" " ind2=" ">
    <subfield code="9">info:eu-repo/semantics/openAccess</subfield>
    <subfield code="a">by</subfield>
    <subfield code="u">https://creativecommons.org/licenses/by/4.0/deed.es</subfield>
  </datafield>
  <datafield tag="655" ind1=" " ind2="4">
    <subfield code="a">info:eu-repo/semantics/article</subfield>
    <subfield code="v">info:eu-repo/semantics/publishedVersion</subfield>
  </datafield>
  <datafield tag="710" ind1="2" ind2=" ">
    <subfield code="1">3013</subfield>
    <subfield code="2">567</subfield>
    <subfield code="a">Universidad de Zaragoza</subfield>
    <subfield code="b">Dpto. Lingüíst.y Liter.Hispán.</subfield>
    <subfield code="c">Área Lengua Española</subfield>
  </datafield>
  <datafield tag="773" ind1=" " ind2=" ">
    <subfield code="g">38(1) (2025), 13-27</subfield>
    <subfield code="p">Rev. Derecom</subfield>
    <subfield code="t">Revista Derecom</subfield>
    <subfield code="x">1988-2629</subfield>
  </datafield>
  <datafield tag="856" ind1="4" ind2=" ">
    <subfield code="s">504771</subfield>
    <subfield code="u">http://zaguan.unizar.es/record/162027/files/texto_completo.pdf</subfield>
    <subfield code="y">Versión publicada</subfield>
  </datafield>
  <datafield tag="856" ind1="4" ind2=" ">
    <subfield code="s">2910654</subfield>
    <subfield code="u">http://zaguan.unizar.es/record/162027/files/texto_completo.jpg?subformat=icon</subfield>
    <subfield code="x">icon</subfield>
    <subfield code="y">Versión publicada</subfield>
  </datafield>
  <datafield tag="909" ind1="C" ind2="O">
    <subfield code="o">oai:zaguan.unizar.es:162027</subfield>
    <subfield code="p">articulos</subfield>
    <subfield code="p">driver</subfield>
  </datafield>
  <datafield tag="951" ind1=" " ind2=" ">
    <subfield code="a">2025-10-17-14:21:04</subfield>
  </datafield>
  <datafield tag="980" ind1=" " ind2=" ">
    <subfield code="a">ARTICLE</subfield>
  </datafield>
</record>
</collection>